| 000 | 00598nam a2200169 4500 | ||
|---|---|---|---|
| 008 | 150728b xxu||||| |||| 00| 0 eng d | ||
| 020 | _a0671663984 | ||
| 050 | _aBF637.S8C68 1989 | ||
| 100 |
_aCovey, Stephen R. _d1989 |
||
| 245 |
_aThe seven habits of highly effective people : _brestoring the character ethic/ |
||
| 260 |
_aNew York : _bSimon and Schuster, _c©1989. |
||
| 300 |
_a360 p. : ill. ; _bIncludes indexes. _c25 cm |
||
| 600 | _aAchievement. | ||
| 600 | _aSuccess -- Psychological aspects. | ||
| 650 | _a Character. | ||
| 942 |
_2lcc _cBOOKS _hBF637.S8C68 1989 _015 |
||
| 999 |
_c2658 _d2658 |
||